History Quiz

Random History or Nation Quiz

Trump's Cabinet Quiz Stats

Quiz Updated Jun 21, 2018

Also try: Obama's Cabinet
Challenge
Share
Tweet
Embed
Score 0/29 Timer 05:00
6 Plays Today
Department Name % Correct
Vice PresidentMichael R. Pence
98.7%
Secretary of StateRex W. Tillerson
83.1%
Attorney GeneralJeff Sessions
78.9%
Secretary of EducationElisabeth Prince DeVos
78.8%
Secretary of StateMike Pompeo
78.1%
Secretary of Housing and Urban DevelopmentBenjamin S. Carson, Sr.
76.5%
Secretary of Homeland SecurityJohn F. Kelly
71%
Chief of StaffJohn F. Kelly
70.9%
Secretary of DefenseJames Mattis
68.4%
Ambassador to the United NationsNikki R. Haley
64%
Chief of StaffReince Priebus
61.8%
Secretary of the TreasurySteven T. Mnuchin
59.8%
Secretary of EnergyJames Richard Perry
59.1%
Secretary of TransportationElaine L. Chao
48.2%
Secretary of Health and Human ServicesTom Price
45.3%
Department Name % Correct
Secretary of the InteriorRyan Zinke
42.3%
Admin. of the Environmental Protection AgencyScott Pruitt
41.9%
Secretary of Health and Human ServicesAlex Azar
41.4%
Director of Central Intelligence AgencyMike Pompeo
40.9%
Secretary of CommerceWilbur L. Ross, Jr.
38.7%
Director of the Office of Management and BudgetMick Mulvaney
35.9%
Small Business AdministratorLinda McMahon
35.9%
Secretary of AgricultureSonny Perdue
35.7%
Director of Central Intelligence AgencyGina Haspel
32.5%
Secretary of Homeland SecurityKirstjen Nielsen
31.8%
Secretary of LaborAlexander Acosta
28.2%
Director of National IntelligenceDaniel Coats
26.2%
Secretary of Veterans AffairsDavid J. Shulkin
23.6%
United States Trade RepresentativeRobert Lighthizer
18.5%

You're not logged in!

Compare scores with friends on all Sporcle quizzes.
Join for Free
OR
Log In

You Might Also Like...

Show Comments

Extras

Top Quizzes Today


Score Distribution

Your Account Isn't Verified!

In order to create a playlist on Sporcle, you need to verify the email address you used during registration. Go to your Sporcle Settings to finish the process.

Report this User

Report this user for behavior that violates our Community Guidelines.

Details: